1806 1766 1371 1894 1027 1718 1880 1141 1070 1790 1411 1992 1287 1438 1694 1412 1130 1168 1185 1530 1689 1398 1782 1940 1510 1342 1582 1963 1828 1963 1746 1021 1552 1377 1251 1950 1154 1509 1888 1789 1177 1318 1464 1628 1681 1814 1966 1302 1025 1254 1586 1216 1551 1677 1173 1836 1596 1109 1434 1352 1328 1541 1001 1810 1522 1304 1268 1849 1245 1257 1992 1769 1246 1647 1615 1795 1165 1236 1179 1194 1110 1810 1018 1197 1185 1683 1549 1764 1329 1475 1410 1889 1606 1743 1171 1487 1435 1661 1956 BCNSPRNW ULIB Ver.6.0+V

เปลี่ยนเป็นภาษาไทย

Change to English
 แสดงรายละเอียดบรรณานุกรม
  กลับหน้าหลัก

Brief Record : Get Marc (ISO 2709) : E-mail record : QR code < ปิดหน้าต่าง
LEADER : 00000nam 2200000uu 4500
001    13399110152
003     ULIB
008    110220s2553||||th 000 0 tha d
060  4 WY160^bท121อ 2553
100 0  ทมาภรณ์ สุขสวรรค์
245 00 เอกสารประกอบการสอนหลักสูตรพยาบาลศาสตร์บัณฑิต วิชา การพยาบาลบุคคลที่มีปัญหาทางจิต/^cทมาภรณ์ สุขสวรรค์
260    นครสวรรค์:^bวิทยาลัยพยาบาลบรมราชชนนี สวรรค์ประชารักษ์ นครสวรรค์,^c2553
300    348 หน้า
650  7 การพยาบาล
650  7 สุขภาพจิต
710 2  กระทรวงสาธารณสุข.^bสถาบันพระบรมราชนก.^bวิทยาลัยพยาบาลบรมราชชนนี สวรรค์ประชารักษ์ นครสวรรค์.
945    ^p0^l0^i029185
995    ทศพร
999 ^a ใช้งานได้ทุกระบบ
รายการนี้ยังไม่มีแท็ก
คุณยังไม่ได้ล็อกอิน คุณสามารถมีกิจกรรมร่วมกับเว็บไซต์ได้ แต่ต้องล็อกอินก่อน ::
  ล็อกอิน

รายการสื่อสารสนเทศ

ลำดับที่ ประเภท เลขเรียก/บาร์โค้ด สถานที่ สถานะ
1. วิทยาศาสตร์การแพทย์ และสุขภาพ
วิทยาศาสตร์การแพทย์ และสุขภาพ
WY160 ท121อ 2553 ฉ.1 
  Barcode: 029185
ห้องสมุดวิทยาเขตสวรรค์ประชารักษ์
►ส่วนจัดเก็บหนังสือเก่า สปร
บนชั้น
  ขอยืม

รายการใกล้เคียง
    ผู้แต่ง [ทมาภรณ์ สุขสวรรค์]

    หัวเรื่อง [การพยาบาล]
    หัวเรื่อง [สุขภาพจิต]

BibComment


ยังไม่เคยถูกคอมเมนท์

คอมเมนท์ทรัพยากรรายการนี้
  คอมเมนท์: เอกสารประกอบการสอ..


 Copyright 2026. Bcnsprnw @Library